000 00934nam a22002417a 4500
999 _c2478
_d2478
003 AR-CdUCM
008 190304b ||||| |||| 00| 0 spa d
040 _aMUNICIPALIDAD PROVINCIAL DEL CUSCO
_cBIBLIOTECA MUNICIPAL DEL CUSCO
082 _a353.85 /
_bC33
100 _aCastañeda Santos, Victoriano
_98545
245 _aManual práctico para la gestión de almacenes /
260 _aLima :
_bCEPREACCSA,
_c2001.
300 _a228 paginas ;
_bIlustraciones,
_c21cm.
500 _aManual Practico
505 _aContenido -- Generalidades sobre almacenes -- Criterios tecnicos -- Clases, tipos y otros de almacenes -- Seguridad y protección para almacenes -- El almacen como parte integrante de la oficina de abastecimiento...
650 _aAlmacenes
_98843
650 _aAdministración
_94472
650 _aLogica Empresarial
_98844
650 _aPerú
_935
650 _aLiteratura
_983
942 _2ddc
_cLIBROS
945 _apjha